[Event "Hokkaido.Ch2022"]
[Site "?"]
[Date "2022.03.27"]
[Round "5.5"]
[White "Nishimori, Toshiyuki	"]
[Black "Yoshii, Yukihiko"]
[Result "1/2-1/2"]
[WhiteElo "1675"]
[BlackElo "1724"]
[PlyCount "106"]
[SourceVersionDate "2022.03.28"]

1. e4 e5 2. Nf3 Nc6 3. Bc4 Nf6 4. Ng5 d5 5. exd5 Na5 6. Bb5+ c6 7. dxc6 bxc6 8.
Be2 h6 9. Nf3 Bd6 10. d3 Qc7 11. Be3 Be6 12. O-O O-O 13. Nbd2 Rac8 14. Re1 c5
15. c4 Rfd8 16. Qc2 Nc6 17. g3 Nd4 18. Bxd4 exd4 19. Bf1 Qd7 20. Bg2 Bh3 21.
Bh1 Re8 22. Rxe8+ Rxe8 23. Re1 Rxe1+ 24. Nxe1 Qe6 25. Qd1 Ng4 26. Ne4 Be7 27.
Qa4 Bf8 28. Qa5 f5 29. f3 fxe4 30. fxg4 Qf6 31. Bg2 Bxg4 32. Bxe4 Be2 33. Bd5+
Kh8 34. Bg2 Qg5 35. Be4 Qe3+ 36. Kg2 Bg4 37. b3 Qe2+ 38. Kg1 Bh3 39. Bg2 Bxg2
40. Nxg2 Qxd3 41. Qd8 Qd1+ 42. Kf2 Qd2+ 43. Kf3 Qd3+ 44. Kg4 Qe4+ 45. Nf4 Kg8
46. Qd5+ Qxd5 47. Nxd5 Bd6 48. Kf3 Kf7 49. h3 g6 50. g4 g5 51. a4 Ke6 52. Ke4
a5 53. Nb6 Bf4 1/2-1/2

[Event "Hokkaido.Ch2022"]
[Site "?"]
[Date "2022.03.27"]
[Round "5.6"]
[White "Nakamura, Mitsuru"]
[Black "Kawamura, Takuto"]
[Result "0-1"]
[WhiteElo "1406"]
[BlackElo "1462"]
[PlyCount "120"]
[SourceVersionDate "2022.03.28"]

1. e4 c6 2. Nf3 d5 3. Nc3 Bg4 4. d4 e6 5. Be2 Nf6 6. Bg5 Be7 7. Qd3 dxe4 8.
Nxe4 Bf5 9. Bxf6 gxf6 10. Qe3 Nd7 11. Bd3 Nb6 12. O-O-O Nd5 13. Qh6 Bg4 14.
Rhe1 f5 15. Ned2 Bf8 16. Qg5 Qxg5 17. Nxg5 Bxd1 18. Kxd1 Be7 19. Ngf3 Nf6 20.
h3 Nd7 21. Nc4 Kd8 22. Nfe5 Nxe5 23. Nxe5 Rf8 24. f4 Kc7 25. g4 fxg4 26. hxg4
Rad8 27. c3 f5 28. gxf5 exf5 29. Rh1 Bd6 30. Rxh7+ Kc8 31. Nf7 Bxf4 32. Bxf5+
Kb8 33. Bh3 Rde8 34. Ne5 Bxe5 35. dxe5 Rxe5 36. Kc2 Rfe8 37. b4 R8e7 38. Rh6
Kc7 39. a4 a6 40. a5 b6 41. axb6+ Kxb6 42. Rh8 Ra7 43. Rb8+ Rb7 44. Rh8 Ree7
45. c4 Rh7 46. c5+ Kb5 47. Rxh7 Rxh7 48. Bf5 Rh4 49. Bd3+ Kxb4 50. Bxa6 Kxc5
51. Bb7 Rh3 52. Bxc6 Kxc6 53. Kd2 Kc5 54. Ke1 Rh2 55. Kf1 Kd4 56. Kg1 Ra2 57.
Kf1 Ke3 58. Kg1 Kf3 59. Kh1 Kg3 60. Kg1 Ra1# 0-1